Nenne den Torschützenkönig des DFB Pokals seit 2000/2001 - Statistiken

Allgemein
  • Dieses Quiz wurde 82 mal gespielt
  • Das Durchschnittsergebnis liegt bei 14 aus 23
Antwortstatistiken
Saison Mannschaft Spieler % Korrekt
2019/2020 Bayern München Robert Lewandowski
99%
2018/2019 Bayern München Robert Lewandowski
99%
2017/2018 Bayern München Robert Lewandowski
99%
2016/2017 Bayern München Robert Lewandowski
99%
2011/2012 Borussia Dortmund Robert Lewandowski
99%
2012/2013 Bayern München Mario Gomez
85%
2007/2008 VfB Stuttgart Mario Gomez
85%
2008/2009 VfL Wolfsburg Edin Dzeko
78%
2013/2014 Bayern München Thomas Müller
70%
2003/2004 Werder Bremen / Werder Bremen Ailton / Ivan Klasnic
68%
2021/2022 Hamburger SV Robert Glatzel
67%
2022/2023 Eintracht Frankfurt Randal Kolo Muani
66%
2002/2003 Bayern München Giovane Elber
59%
2009/2010 Borussia Dortmund / Eintracht Trier Lucas Barrios / Sahr Senesie
53%
2014/2015 Bayer 04 Leverkusen / TSG Hoffenheim Stefan Kießling / Sven Schipplock
53%
2020/2021 Borussia Dortmund Jadon Sancho
52%
2006/2007 VfB Stuttgart Cacau
44%
2010/2011 1. FC Kaiserslautern Srdjan Lakic
40%
2005/2006 Bayern München Claudio Pizarro
38%
2001/2002 Bayer 04 Leverkusen Dimitar Berbatov
27%
2004/2005 1. FC Kaiserslautern Carsten Jancker
26%
2000/2001 Borussia Mönchengladbach Arie van Lent
23%
2015/2016 Borussia Dortmund Henrikh Mkhitaryan
15%
Keine übereinstimmenden Quizze gefunden
Verteilung der Resultate
Anzahl Personen mit jedem Resultat
Perzentil nach korrekt beantworteten Fragen
Ihre Resultats-Entwicklung
Sie haben dieses Quiz noch nicht gespielt